00574nam a2200181Ia 450000500170000000800410001702000160005804000190007404100120009308200150010524500900012026000530021030000280026350400500029165000140034170000270035585000100038220230516114623.0131103s9999 xx 000 0 und d a041629630 0 aLoreto College aEnglish a330.9bCHO aSocio - economic models in geographycedited by Richard J.Chorley [and] Peter Haggett aLondonbMethuen & Co.,Ltd.c1967 (1978 printing) a468 p.b ill.,fig.,maps aIncludes bibliographical references and index aEconomics aChorley,Richard J.,ed. aLCLIB